[Event "WCPL:Nidum-Cardigan"]
[Site "?"]
[Date "2016.10.02"]
[Round "1.7"]
[White "Williams, A. Howard"]
[Black "Saunders, Robert"]
[Result "1/2-1/2"]
[WhiteElo "2329"]
[BlackElo "2072"]
[PlyCount "35"]
[EventDate "2016.10.02"]
[EventCountry "WLS"]
[SourceDate "2016.10.09"]

1. d4 Nf6 2. c4 c5 3. d5 b5 4. Nf3 Bb7 5. Nbd2 e6 6. e4 bxc4 7. dxe6 dxe6 8. e5
Nd5 9. Nxc4 Be7 10. Be2 O-O 11. O-O Nd7 12. Qc2 Rb8 13. Rd1 N7b6 14. Nd6 Bxd6
15. Ng5 g6 16. exd6 Qxd6 17. Qe4 h6 18. Nf3 1/2-1/2

[Event "WCPL:Nidum-Cardigan"]
[Site "?"]
[Date "2016.10.02"]
[Round "1.8"]
[White "Evans, Craig"]
[Black "Jones, Iolo C"]
[Result "1-0"]
[WhiteElo "1982"]
[BlackElo "2187"]
[PlyCount "45"]
[EventDate "2016.10.02"]
[EventCountry "WLS"]
[SourceDate "2016.10.09"]

1. e4 e5 2. Nf3 Nf6 3. Nc3 Nc6 4. d4 exd4 5. Nd5 h6 6. Bc4 d6 7. Nxd4 Ne5 8.
Bb3 c6 9. Nxf6+ Qxf6 10. O-O Nd7 11. c3 Nc5 12. Bc2 Qd8 13. f4 Be7 14. b4 Ne6
15. Nf5 Bf8 16. Be3 g6 17. Ng3 Bg7 18. f5 Nf8 19. Bd4 Be5 20. Bb3 g5 21. Bxe5
dxe5 22. Bxf7+ Ke7 23. f6+ 1-0

[Event "WCPL:Nidum-Cardigan"]
[Site "?"]
[Date "2016.10.02"]
[Round "1.9"]
[White "Van Kemenade, Rudy"]
[Black "Gibbons, Andrew"]
[Result "0-1"]
[WhiteElo "1980"]
[BlackElo "1931"]
[PlyCount "72"]
[EventDate "2016.10.02"]
[EventCountry "WLS"]
[SourceDate "2016.10.09"]

1. f4 c5 2. Nf3 Nc6 3. g3 g6 4. Bg2 Bg7 5. d3 d6 6. O-O Rb8 7. c4 e6 8. Nc3
Nge7 9. e4 O-O 10. g4 f5 11. gxf5 exf5 12. Nd5 Nd4 13. Nxd4 Bxd4+ 14. Kh1 b5
15. cxb5 Rxb5 16. Qa4 a6 17. Nc3 Rb4 18. Qc2 Bd7 19. Bd2 Rb8 20. Rab1 a5 21.
Ne2 Bg7 22. e5 Bc6 23. d4 Bxg2+ 24. Kxg2 cxd4 25. Qc4+ Kh8 26. exd6 Qxd6 27.
Bxa5 Rfc8 28. Qa4 Qd5+ 29. Kh3 Ra8 30. b4 d3 31. Ng3 Rc2 32. Rg1 Qf3 33. Qxc2
dxc2 34. Rbc1 Nd5 35. Rxc2 Nxf4+ 36. Kh4 Qg4# 0-1

[Event "WCPL:Nidum-Cardigan"]
[Site "?"]
[Date "2016.10.02"]
[Round "1.10"]
[White "Moore, Robert"]
[Black "Haigh, Tony"]
[Result "1-0"]
[WhiteElo "1806"]
[BlackElo "1804"]
[PlyCount "107"]
[EventDate "2016.10.02"]
[EventCountry "WLS"]
[SourceDate "2016.10.09"]

1. d4 e6 2. Nf3 d5 3. e3 Nf6 4. Bd3 c5 5. c3 Nc6 6. Nbd2 cxd4 7. exd4 Bd6 8.
O-O O-O 9. Re1 Rb8 10. Ne5 Qc7 11. f4 b5 12. Ndf3 b4 13. Nxc6 Qxc6 14. Ne5 Qb6
15. Re3 Ba6 16. Bc2 bxc3 17. bxc3 h6 18. g4 Qc7 19. h4 Ne4 20. Qe1 f5 21. g5
Bxe5 22. fxe5 Qf7 23. Rf3 Qh5 24. Bd1 hxg5 25. Bxg5 Nxg5 26. hxg5 Qxg5+ 27. Rg3
Qf4 28. Rf3 Qh6 29. Qf2 Kf7 30. Qg2 Rh8 31. Bb3 Rh7 32. Rb1 Rbh8 33. Rxf5+ exf5
34. Qxd5+ Kg6 35. Qg2+ Qg5 36. Bf7+ Kxf7 37. Qxg5 Rh1+ 38. Kg2 R8h2+ 39. Kg3
Rh3+ 40. Kf4 Rh4+ 41. Kxf5 Bc8+ 42. e6+ Bxe6+ 43. Ke5 Rh5 44. Rf1+ Ke8 45. Kxe6
Rxg5 46. Rxh1 Rg6+ 47. Kd5 Ra6 48. Rh2 Ke7 49. c4 g5 50. c5 g4 51. Rh7+ Kd8 52.
c6 g3 53. Kd6 g2 54. Rh8# 1-0

[Event "WCPL:Nidum-Cardigan"]
[Site "?"]
[Date "2016.10.02"]
[Round "1.12"]
[White "Griffiths, Hywel"]
[Black "Francis, Matthew"]
[Result "0-1"]
[WhiteElo "1771"]
[BlackElo "1605"]
[PlyCount "186"]
[EventDate "2016.10.02"]
[EventCountry "WLS"]
[SourceDate "2016.10.09"]

1. Nf3 d5 2. g3 c6 3. Bg2 Bg4 4. O-O Nf6 5. d3 Nbd7 6. Nbd2 e5 7. e4 Be7 8. Re1
dxe4 9. Nxe4 Nxe4 10. Rxe4 f5 11. Rc4 Nb6 12. Rxg4 fxg4 13. Nxe5 O-O 14. Qxg4
Kh8 15. Be4 Nd5 16. Qh3 Nf6 17. Ng6+ Kg8 18. Qe6+ Rf7 19. Ne5 Qe8 20. Qxf7+
Qxf7 21. Nxf7 Kxf7 22. Bg2 Rf8 23. Be3 a6 24. h3 Kg8 25. Re1 Bd6 26. b4 Bxb4
27. Rb1 a5 28. c3 Bxc3 29. Rxb7 Rd8 30. Bxc6 Rxd3 31. Ba4 Rd8 32. Bb3+ Kh8 33.
Rc7 Bb4 34. Bb6 Ra8 35. a4 h5 36. Bd4 Ne8 37. Rc6 Kh7 38. Bc2+ Kg8 39. Bg6 Rd8
40. Bxh5 Rxd4 41. Bxe8 Kf8 42. Re6 Be7 43. Bb5 Kf7 44. Re2 Kf6 45. f4 Bd6 46.
Kg2 Rd5 47. h4 Kf5 48. Kf3 Kf6 49. g4 Rd4 50. g5+ Kf7 51. Re4 Rd1 52. h5 Rh1
53. Kg4 Rg1+ 54. Kf5 Be7 55. Rc4 Rd1 56. Rc7 Kf8 57. Ra7 Bb4 58. h6 gxh6 59.
Kf6 Rd6+ 60. Kf5 hxg5 61. fxg5 Rd5+ 62. Kg4 Rd4+ 63. Kh5 Rd5 64. Ra8+ Kg7 65.
Bc4 Re5 66. Rg8+ Kh7 67. Bf7 Bd2 68. Kg4 Re4+ 69. Kf5 Re1 70. g6+ Kh6 71. Rh8+
Kg7 72. Rh7+ Kf8 73. g7+ Kxf7 74. Rh2 Bb4 75. Rg2 Kg8 76. Kg6 Re6+ 77. Kf5 Re7
78. Kf6 Rc7 79. Rg4 Bc3+ 80. Ke6 Rxg7 81. Rxg7+ Kxg7 82. Kd5 Kf6 83. Kc4 Bb4
84. Kb3 Ke5 85. Kc2 Kd4 86. Kb1 Kc4 87. Kc2 Bc3 88. Kb1 Kb3 89. Kc1 Kxa4 90.
Kc2 Kb4 91. Kb1 a4 92. Ka2 a3 93. Kb1 Kb3 0-1

[Event "WCPL:Cardigan-White Knights:Tanygroes"]
[Site "?"]
[Date "2017.01.22"]
[Round "2.7"]
[White "Strugnell, Carl"]
[Black "Williams, A. Howard"]
[Result "1-0"]
[WhiteElo "2220"]
[BlackElo "2296"]
[PlyCount "87"]
[EventDate "2017.01.22"]
[EventCountry "WLS"]
[SourceDate "2016.10.09"]

1. e4 Nf6 2. e5 Nd5 3. d4 d6 4. Nf3 c6 5. Be2 dxe5 6. Nxe5 Bf5 7. O-O e6 8. Nd2
Nd7 9. Ndc4 Be7 10. Nxd7 Qxd7 11. Ne5 Qd8 12. c4 Nf6 13. Qb3 Qb6 14. Qxb6 axb6
15. g4 Be4 16. f3 Bg6 17. Be3 Nd7 18. Nd3 Bxd3 19. Bxd3 h5 20. g5 g6 21. Be4
O-O 22. a3 Rfd8 23. Rad1 Kf8 24. f4 Ra4 25. Rc1 Bd6 26. Rc3 Ke7 27. Kg2 Raa8
28. b4 Rac8 29. Rd3 Bc7 30. Rfd1 Nf8 31. Kf3 Rb8 32. d5 exd5 33. cxd5 cxd5 34.
Bxd5 Ne6 35. Ke4 Ng7 36. Rc1 Rd7 37. Rdc3 Bd8 38. Bd4 Nf5 39. Be5 Ra8 40. Rd3
Nd6+ 41. Kf3 Nf5 42. Rcd1 Ke8 43. Bc6 bxc6 44. Rxd7 1-0

[Event "WCPL:Cardigan-White Knights:Tanygroes"]
[Site "?"]
[Date "2017.01.22"]
[Round "2.8"]
[White "Jones, Iolo C"]
[Black "Hewitt, William"]
[Result "1-0"]
[WhiteElo "2175"]
[BlackElo "2044"]
[PlyCount "77"]
[EventDate "2017.01.22"]
[EventCountry "WLS"]
[SourceDate "2016.10.09"]

1. d4 Nf6 2. Nf3 g6 3. c4 Bg7 4. Nc3 d5 5. Bf4 O-O 6. e3 c5 7. Ne5 Nc6 8. Nxc6
bxc6 9. Be5 Be6 10. cxd5 Bxd5 11. f3 Nd7 12. Bxg7 Kxg7 13. e4 cxd4 14. Qxd4+ e5
15. Qa4 Be6 16. Be2 Qb6 17. Qc2 a5 18. Na4 Qb4+ 19. Kf1 f5 20. Qxc6 Rae8 21. a3
Qb3 22. Rd1 Nb8 23. Qc7+ Kh6 24. Qc1+ Kg7 25. Nc5 Qb6 26. Nxe6+ Rxe6 27. Bd3
Nc6 28. Bc4 Re7 29. Bd5 Nd4 30. Rd3 Rb8 31. b3 fxe4 32. Qg5 Qd6 33. Bxe4 Qxa3
34. Kf2 Qc5 35. Rc1 Qd6 36. Rc6 Qd8 37. Qf6+ Kh6 38. Bxg6 Re6 39. Rxe6 1-0

[Event "WCPL:Cardigan-White Knights:Tanygroes"]
[Site "?"]
[Date "2017.01.22"]
[Round "2.9"]
[White "Young, Alan"]
[Black "Heap, Gerry"]
[Result "1-0"]
[WhiteElo "2020"]
[BlackElo "2084"]
[PlyCount "85"]
[EventDate "2017.01.22"]
[EventCountry "WLS"]
[SourceDate "2016.10.09"]

1. e4 c5 2. Nf3 d6 3. d4 cxd4 4. Nxd4 Nf6 5. Nc3 e6 6. g4 h6 7. h3 Nc6 8. Bg2
Be7 9. Be3 a6 10. f4 Nxd4 11. Qxd4 Qa5 12. O-O e5 13. Qd2 exf4 14. Bxf4 Be6 15.
Nd5 Qxd2 16. Bxd2 Bxd5 17. exd5 Nd7 18. c4 Rc8 19. Rac1 O-O 20. Bf4 Nc5 21. Rf3
Rfd8 22. b4 Na4 23. Ra3 Nb6 24. Rac3 Bf6 25. R3c2 Bd4+ 26. Kh1 Rd7 27. Rd1 Bf6
28. c5 dxc5 29. bxc5 Na4 30. Rdc1 Bb2 31. Rb1 Ba3 32. c6 bxc6 33. dxc6 Rd4 34.
Be5 Rb4 35. Rxb4 Bxb4 36. Rc4 a5 37. c7 Nb6 38. Rd4 Be7 39. Bb7 Rf8 40. Bd6 Re8
41. Re4 Kf8 42. Rxe7 Rxe7 43. Bc5 1-0

[Event "WCPL:Cardigan-White Knights:Tanygroes"]
[Site "?"]
[Date "2017.01.22"]
[Round "2.10"]
[White "Van Kemenade, Rudy"]
[Black "Garcia, Jason"]
[Result "0-1"]
[WhiteElo "1955"]
[BlackElo "2031"]
[PlyCount "86"]
[EventDate "2017.01.22"]
[EventCountry "WLS"]
[SourceDate "2016.10.09"]

1. f4 d5 2. Nf3 g6 3. g3 Bg7 4. Bg2 Nh6 5. d3 d4 6. c4 O-O 7. O-O Nf5 8. Na3 c5
9. Nc2 Nc6 10. Qe1 a5 11. g4 Ne3 12. Bxe3 dxe3 13. Nxe3 Bd4 14. Nxd4 cxd4 15.
Nc2 Bxg4 16. h3 Bf5 17. Qf2 Qd7 18. Kh2 Rfd8 19. Qg3 Rab8 20. Rab1 Nb4 21. Ne1
b5 22. a3 Na6 23. cxb5 Rxb5 24. Nf3 f6 25. Nh4 Kf7 26. Nxf5 Qxf5 27. Bc6 Rb6
28. Be4 Qd7 29. f5 g5 30. Rfc1 Rdb8 31. Rc2 Kg7 32. Qf3 Qd6+ 33. Kg2 Nc5 34.
Rbc1 Nxe4 35. Qxe4 Rxb2 36. Rc7 Kf7 37. R1c5 R8b5 38. R5c6 Qe5 39. Rc2 Qxe4+
40. dxe4 R5b3 41. Rxb2 Rxb2 42. Rd7 Rxe2+ 43. Kf1 Rxe4 0-1

[Event "WCPL:Cardigan-White Knights:Tanygroes"]
[Site "?"]
[Date "2017.01.22"]
[Round "2.12"]
[White "Haigh, Tony"]
[Black "Bevan, Peter M"]
[Result "1/2-1/2"]
[WhiteElo "1822"]
[BlackElo "1944"]
[PlyCount "103"]
[EventDate "2017.01.22"]
[EventCountry "WLS"]
[SourceDate "2016.10.09"]

1. d4 Nf6 2. Bg5 d5 3. c4 e6 4. Nc3 Nbd7 5. e3 Be7 6. cxd5 exd5 7. Bd3 O-O 8.
Nf3 c6 9. O-O Re8 10. Qc2 h6 11. Bh4 Ne4 12. Bxe7 Qxe7 13. b4 Ndf6 14. b5 c5
15. dxc5 Nxc5 16. Be2 Be6 17. Qb2 Nce4 18. Rac1 Rac8 19. Nd4 Nxc3 20. Rxc3 Rxc3
21. Qxc3 Rc8 22. Qb2 Qc7 23. Bd3 Ng4 24. g3 Ne5 25. Bb1 Bh3 26. Rd1 Bg4 27. Re1
Qc3 28. Qxc3 Rxc3 29. Kg2 Nc4 30. h3 Bd7 31. Re2 Na3 32. Rb2 g6 33. b6 a6 34.
Bc2 Nxc2 35. Rxc2 Rxc2 36. Nxc2 a5 37. h4 Kf8 38. Nd4 a4 39. Kf3 Ke7 40. Nc2
Kd6 41. Nb4 Kc5 42. a3 Be6 43. Ke2 Kxb6 44. Kd3 Kc5 45. Kc3 Bf5 46. f3 h5 47.
f4 Be4 48. Na2 Bg2 49. Nb4 Be4 50. Na2 Bf3 51. Nb4 Be4 52. Na2 1/2-1/2

[Event "WCPL:Cardiff-The Vale"]
[Site "?"]
[Date "2017.01.22"]
[Round "2.13"]
[White "Kett, Tim"]
[Black "Bullen, Alex"]
[Result "0-1"]
[WhiteElo "2209"]
[BlackElo "2105"]
[PlyCount "76"]
[EventDate "2017.01.26"]
[EventCountry "WLS"]
[SourceDate "2016.10.09"]

1. e4 c6 2. d4 d5 3. e5 Bf5 4. Nf3 e6 5. Be2 c5 6. O-O Nc6 7. c3 cxd4 8. cxd4
Nge7 9. Nc3 Nc8 10. Be3 Be7 11. Qd2 O-O 12. Rad1 Nb6 13. h3 Rc8 14. Bg5 f6 15.
exf6 Bxf6 16. Bxf6 Qxf6 17. Qe3 Qe7 18. Rfe1 Nb4 19. Qe5 Nd7 20. Qg3 Nf6 21.
Qh4 Nc2 22. Rf1 Qb4 23. Nb5 a6 24. a3 Qe7 25. Nc3 Nxa3 26. Ne5 Nc4 27. Nxc4
dxc4 28. Bf3 b5 29. Rfe1 Rcd8 30. g4 Bd3 31. g5 Ne8 32. Bg4 Nc7 33. Be2 Rf5 34.
Ne4 Bxe4 35. Qxe4 Qxg5+ 36. Kf1 Rdf8 37. f3 Qg3 38. Qg4 Rxf3+ 0-1

[Event "WCPL:Cardigan-Cardiff"]
[Site "?"]
[Date "2017.03.12"]
[Round "3.4"]
[White "Van Kemenade, Rudy"]
[Black "Hatchett, Paul"]
[Result "0-1"]
[WhiteElo "1921"]
[BlackElo "2040"]
[PlyCount "92"]
[EventDate "2017.03.12"]
[EventCountry "WLS"]
[SourceDate "2016.10.09"]

1. f4 b6 2. e4 Bb7 3. d3 e6 4. Nf3 d5 5. e5 c5 6. g3 Nc6 7. Bg2 Nh6 8. O-O Nf5
9. c3 h5 10. a4 Be7 11. Na3 a6 12. Nc2 d4 13. c4 Qd7 14. Qe1 O-O-O 15. Nd2 Ne3
16. Nxe3 dxe3 17. Qxe3 Nb4 18. Bxb7+ Qxb7 19. Qe4 Nxd3 20. Qxb7+ Kxb7 21. Nf3
Rd7 22. b3 Rhd8 23. Be3 Nb4 24. Ne1 Rd1 25. Rxd1 Rxd1 26. Ng2 Rxf1+ 27. Kxf1
Nc2 28. Ke2 Na1 29. Kd3 Nxb3 30. f5 exf5 31. Nf4 g6 32. e6 fxe6 33. Nxg6 Bf6
34. Nf4 e5 35. Nxh5 Bh8 36. Bh6 e4+ 37. Kc2 Nd4+ 38. Kd1 Kc6 39. Bg7 Bxg7 40.
Nxg7 Kd6 41. Ne8+ Ke5 42. Nc7 e3 43. Nxa6 e2+ 44. Kd2 Ke4 45. a5 Kf3 46. axb6
Kf2 0-1

[Event "WCPL:Cardigan-The Vale"]
[Site "Merthyr Tydfil"]
[Date "2017.04.02"]
[Round "4.1"]
[White "Kett, Tim"]
[Black "Williams, A. Howard"]
[Result "1-0"]
[WhiteElo "2220"]
[BlackElo "2283"]
[PlyCount "89"]
[EventDate "2017.04.02"]
[EventCountry "WLS"]
[SourceDate "2016.10.09"]

1. e4 e5 2. Nf3 Nc6 3. Bb5 Nf6 4. d3 d6 5. c3 Bd7 6. O-O Be7 7. Re1 O-O 8. Nbd2
Re8 9. Nf1 Bf8 10. Ng3 g6 11. d4 Nxd4 12. Nxd4 exd4 13. Bxd7 Qxd7 14. cxd4 Bg7
15. f3 c6 16. Be3 Re6 17. Qd3 Rae8 18. Re2 h5 19. Rae1 b6 20. Bg5 Nh7 21. Bd2
f5 22. d5 cxd5 23. exf5 Rxe2 24. Rxe2 Rxe2 25. Qxd5+ Qf7 26. Qxf7+ Kxf7 27.
fxg6+ Kxg6 28. Nxe2 Bxb2 29. Nf4+ Kf7 30. Nxh5 a5 31. g4 a4 32. Kf2 Bd4+ 33.
Ke2 b5 34. Kd3 Bc5 35. f4 d5 36. f5 Nf6 37. Nxf6 Kxf6 38. h4 b4 39. h5 b3 40.
axb3 a3 41. Kc2 Bd4 42. Kb1 Bb2 43. b4 d4 44. b5 d3 45. b6 1-0

[Event "WCPL:Cardigan-The Vale"]
[Site "Merthyr Tydfil"]
[Date "2017.04.02"]
[Round "4.2"]
[White "Jones, Iolo C"]
[Black "Ralphs, Nigel"]
[Result "1/2-1/2"]
[WhiteElo "2195"]
[BlackElo "2058"]
[PlyCount "89"]
[EventDate "2017.04.02"]
[EventCountry "WLS"]
[SourceDate "2016.10.09"]

1. d4 d5 2. Nf3 Nf6 3. c4 c6 4. e3 Bf5 5. Nc3 e6 6. Bd3 Bxd3 7. Qxd3 Bb4 8. O-O
O-O 9. Rb1 Nbd7 10. a3 Bxc3 11. bxc3 Qc7 12. Nd2 e5 13. e4 dxe4 14. Nxe4 Nxe4
15. Qxe4 Rfe8 16. Qc2 b5 17. cxb5 cxb5 18. Be3 a6 19. a4 Rac8 20. axb5 axb5 21.
Rxb5 Qxc3 22. Qxc3 Rxc3 23. dxe5 Rd3 24. Rc1 h6 25. Bf4 Nf8 26. h3 Ne6 27. Be3
Red8 28. Kh2 g5 29. h4 Kg7 30. Rc4 Kg6 31. Ra4 R3d5 32. Rab4 Rxb5 33. Rxb5 g4
34. Kg3 h5 35. f3 gxf3 36. gxf3 Rd3 37. Kf2 Rd7 38. Rb8 Rd8 39. Rb7 Rd5 40. f4
Ra5 41. Kf3 Ra4 42. Rb8 Ng7 43. Rb6+ Ne6 44. Rb8 Ng7 45. Rb6+ 1/2-1/2

[Event "WCPL:Cardigan-The Vale"]
[Site "Merthyr Tydfil"]
[Date "2017.04.02"]
[Round "4.3"]
[White "Davis, Lee"]
[Black "Heap, Gerry"]
[Result "1/2-1/2"]
[WhiteElo "1933"]
[BlackElo "2085"]
[PlyCount "127"]
[EventDate "2017.04.02"]
[EventCountry "WLS"]
[SourceDate "2016.10.09"]

1. d4 Nf6 2. g3 g6 3. Bg2 Bg7 4. Nf3 c5 5. O-O O-O 6. c4 cxd4 7. Nxd4 Nc6 8.
Nc3 Nxd4 9. Qxd4 d6 10. Qd3 Bf5 11. e4 Be6 12. Be3 Qa5 13. Nd5 Nxd5 14. cxd5
Bd7 15. Rfd1 Rfc8 16. Qd2 Qxd2 17. Rxd2 Rc4 18. Rad1 Rac8 19. f3 a6 20. Kf2 f5
21. b3 Rc2 22. Rxc2 Rxc2+ 23. Rd2 Rc3 24. exf5 Bxf5 25. Bf1 Kf7 26. Bb6 Bh6 27.
f4 g5 28. Bd4 Rc1 29. Be3 gxf4 30. Bxf4 Bxf4 31. gxf4 Kf6 32. Be2 Be4 33. Bg4
Rc5 34. Be6 a5 35. Ke3 Bf5 36. Bxf5 Kxf5 37. Kd4 Kxf4 38. Re2 Rc7 39. Re6 b5
40. h4 h5 41. Rg6 Kf5 42. Rg5+ Kf6 43. Rxh5 Rc2 44. Rh8 Rxa2 45. Rf8+ Kg7 46.
Rb8 a4 47. Rxb5 axb3 48. Kc3 Ra4 49. h5 Rh4 50. Kxb3 Rxh5 51. Rb7 Kf6 52. Kc4
Rh7 53. Ra7 Rh4+ 54. Kd3 Rh3+ 55. Kd4 Rh4+ 56. Kd3 Rh5 57. Kd4 Rf5 58. Ke4 Re5+
59. Kd4 Kf5 60. Rd7 Re1 61. Ra7 Rd1+ 62. Kc4 Kf6 63. Rb7 Rc1+ 64. Kd4 1/2-1/2

[Event "WCPL:Cardigan-The Vale"]
[Site "Merthyr Tydfil"]
[Date "2017.04.02"]
[Round "4.4"]
[White "Van Kemenade, Rudy"]
[Black "Heaven, Peter"]
[Result "1-0"]
[WhiteElo "1914"]
[BlackElo "2022"]
[PlyCount "99"]
[EventDate "2017.04.02"]
[EventCountry "WLS"]
[SourceDate "2016.10.09"]

1. e4 e6 2. d3 d5 3. Qe2 Nc6 4. Nf3 Nf6 5. e5 Ng8 6. g3 Nge7 7. Bg2 Nf5 8. c3
Be7 9. h4 h5 10. O-O a5 11. a4 Qd7 12. Re1 b6 13. Bg5 Bb7 14. Na3 Bxg5 15. Nxg5
Nce7 16. Nc2 c5 17. Ra3 Nc6 18. Rb1 g6 19. b4 axb4 20. cxb4 Ncd4 21. Nxd4 Nxd4
22. Qd1 O-O 23. bxc5 bxc5 24. Nf3 Nxf3+ 25. Bxf3 Bc6 26. a5 Qc7 27. Qe1 Ra6 28.
Qc3 Bd7 29. Rc1 Rc8 30. d4 c4 31. g4 hxg4 32. Bxg4 Kg7 33. h5 Rh8 34. hxg6 fxg6
35. Qf3 Qd8 36. Rb1 Rf8 37. Qh3 Rh8 38. Qg2 Bc8 39. Bd1 Rh6 40. Bc2 Qe8 41. Qg5
Qf7 42. Kg2 Rh5 43. Qd8 Rh8 44. Qg5 Rf8 45. f4 Rh8 46. Rg3 Rh6 47. Rh1 Rxh1 48.
Kxh1 Rxa5 49. Bxg6 Qf8 50. Be8+ 1-0

[Event "WCPL:Cardigan-The Vale"]
[Site "Merthyr Tydfil"]
[Date "2017.04.02"]
[Round "4.5"]
[White "Jukes, Sam"]
[Black "Haigh, Tony"]
[Result "1-0"]
[WhiteElo "1734"]
[BlackElo "1830"]
[PlyCount "145"]
[EventDate "2017.04.02"]
[EventCountry "WLS"]
[SourceDate "2016.10.09"]

1. d4 f5 2. c4 e6 3. Nf3 Bb4+ 4. Nc3 Nf6 5. Bg5 Bxc3+ 6. bxc3 b6 7. e3 Bb7 8.
Be2 d6 9. Qb3 c5 10. dxc5 dxc5 11. Ne5 O-O 12. Rd1 Qc7 13. Bf4 Qe7 14. O-O Nbd7
15. Nxd7 Nxd7 16. Qb5 Nb8 17. Bxb8 Raxb8 18. Rd7 Qg5 19. g3 Rfc8 20. Rd6 Qe7
21. Rfd1 Rd8 22. Rd7 Qf6 23. Bf1 e5 24. Qb1 Rxd7 25. Rxd7 Qc6 26. Rd5 Qe6 27.
Rd2 Bf3 28. Qd3 Be4 29. Qd7 Qxd7 30. Rxd7 Rb7 31. Rd6 Kf7 32. Bg2 Bxg2 33. Kxg2
Ke7 34. Rd5 Ke6 35. Kf3 g5 36. g4 Rf7 37. gxf5+ Kxf5 38. Kg3 h5 39. f3 Rf8 40.
h3 Rf7 41. a4 Rc7 42. Rd8 Kf6 43. Rd6+ Kf7 44. Rh6 Rc8 45. Rxh5 Rd8 46. Rh7+
Kf6 47. Rxa7 Rd3 48. e4 Rxc3 49. Rb7 Rxc4 50. Rxb6+ Kf7 51. a5 Ra4 52. a6 c4
53. Kg4 c3 54. Rc6 c2 55. Rxc2 Rxa6 56. Kxg5 Rg6+ 57. Kf5 Rf6+ 58. Kxe5 Rxf3
59. Rh2 Ra3 60. Kf4 Kf6 61. h4 Kg6 62. Kg4 Ra4 63. h5+ Kh6 64. Kf5 Ra5+ 65. e5
Ra1 66. e6 Rf1+ 67. Ke5 Re1+ 68. Kf6 Rf1+ 69. Ke7 Re1 70. Kf7 Rf1+ 71. Ke8 Re1
72. e7 Re3 73. Rf2 1-0

[Event "WCPL:Cardigan-The Vale"]
[Site "Merthyr Tydfil"]
[Date "2017.04.02"]
[Round "4.6"]
[White "Jones, Martin C"]
[Black "Bonutto, Stephen"]
[Result "1-0"]
[WhiteElo "1763"]
[BlackElo "1474"]
[PlyCount "84"]
[EventDate "2017.04.02"]
[EventCountry "WLS"]
[SourceDate "2016.10.09"]

1. d4 d5 2. Nf3 Nf6 3. g3 e6 4. c4 Be7 5. Bg2 O-O 6. O-O dxc4 7. Qc2 c5 8. Qxc4
Nbd7 9. Nc3 Nb6 10. Qd3 cxd4 11. Nxd4 e5 12. Nf5 Bc5 13. Qb5 Qc7 14. Be3 Bxe3
15. Nxe3 Bd7 16. Qa5 Nbd5 17. Qxc7 Nxc7 18. Rac1 Rab8 19. Nc4 e4 20. Nxe4 Nxe4
21. Bxe4 Be6 22. b3 b6 23. Nxb6 axb6 24. Rxc7 Rfe8 25. Bf3 Red8 26. Rfc1 h6 27.
e3 b5 28. Rb7 Rxb7 29. Bxb7 b4 30. Rc2 Bh3 31. f4 Rd1+ 32. Kf2 Bf5 33. e4 Bg4
34. Ke3 Re1+ 35. Kd4 Bf3 36. Bd5 Rd1+ 37. Kc5 Kf8 38. f5 Re1 39. Kxb4 Bxe4 40.
Bxe4 Rxe4+ 41. Rc4 Re2 42. a4 Re7 1-0

[Event "WCPL:Cardigan-Abergavenny"]
[Site "?"]
[Date "2017.05.21"]
[Round "5.7"]
[White "Williams, A. Howard"]
[Black "May, Frank"]
[Result "1/2-1/2"]
[WhiteElo "2271"]
[BlackElo "2090"]
[PlyCount "47"]
[EventDate "2017.05.21"]
[SourceDate "2016.10.09"]

1. Nf3 Nf6 2. g3 e6 3. Bg2 d5 4. c4 Be7 5. O-O O-O 6. d4 c6 7. Qc2 Nbd7 8. Bf4
Ne4 9. Nc3 Nxc3 10. Qxc3 Nf6 11. Nd2 Nh5 12. Be3 Bd6 13. Bf3 Nf6 14. Bg5 Be7
15. Rfd1 Ne4 16. Nxe4 Bxg5 17. Nc5 b6 18. Nd3 Bb7 19. e4 Bf6 20. exd5 cxd5 21.
c5 Rc8 22. h4 bxc5 23. Nxc5 Ba6 24. Qe3 1/2-1/2

[Event "WCPL:Cardigan-Abergavenny"]
[Site "?"]
[Date "2017.05.21"]
[Round "5.8"]
[White "Morris, Charles F"]
[Black "Jones, Iolo C"]
[Result "1/2-1/2"]
[WhiteElo "2122"]
[BlackElo "2191"]
[PlyCount "104"]
[EventDate "2017.05.21"]
[SourceDate "2016.10.09"]

1. Nf3 Nf6 2. c4 e6 3. g3 b6 4. Bg2 Bb7 5. O-O Be7 6. Nc3 O-O 7. Re1 d5 8. cxd5
exd5 9. d3 c5 10. Bf4 Nh5 11. Bd2 Nf6 12. e4 Na6 13. Ne5 dxe4 14. Nxe4 Nxe4 15.
dxe4 Nc7 16. Re3 Qc8 17. Qh5 f6 18. Nc4 Qe6 19. b3 Rfd8 20. Bc3 Nb5 21. e5 Nxc3
22. Bxb7 Rab8 23. Bf3 Nb5 24. Rae1 Qf7 25. Qh3 Nd4 26. e6 Nxf3+ 27. Rxf3 Qg6
28. Rf5 h6 29. Re4 Rd1+ 30. Kg2 Rd4 31. Re2 Rbd8 32. Ne3 Kf8 33. Kf1 Qe8 34.
Qg2 Rd1+ 35. Re1 Qb5+ 36. Nc4 Qb4 37. Rfe5 b5 38. Nb2 R1d2 39. R5e2 Qc3 40. Qe4
Rxe2 41. Rxe2 Kg8 42. Qg6 Rf8 43. Nd3 Qd4 44. Qf5 Re8 45. Qh5 Rf8 46. Nf4 Qd1+
47. Kg2 Qd6 48. Re3 f5 49. Rd3 Qc6+ 50. f3 Bg5 51. Qg6 Bxf4 52. gxf4 Qe8
1/2-1/2

[Event "WCPL:Cardigan-Abergavenny"]
[Site "?"]
[Date "2017.05.21"]
[Round "5.9"]
[White "Van Kemenade, Rudy"]
[Black "Waterfield, John W"]
[Result "1/2-1/2"]
[WhiteElo "1955"]
[BlackElo "1973"]
[PlyCount "81"]
[EventDate "2017.05.21"]
[SourceDate "2016.10.09"]

1. e4 c5 2. Nf3 d6 3. Bb5+ Nd7 4. O-O Ngf6 5. Re1 a6 6. Bf1 g6 7. c3 Bg7 8. d4
O-O 9. h3 e5 10. dxe5 Nxe5 11. Bg5 Qb6 12. b3 Be6 13. Nxe5 dxe5 14. Qf3 Nd7 15.
Nd2 Qc7 16. Bc4 Bxc4 17. Nxc4 b5 18. Ne3 Nb6 19. Ng4 f6 20. Be3 Rad8 21. Rad1
h5 22. Nh2 Rd6 23. Rxd6 Qxd6 24. Rd1 Qc7 25. g4 h4 26. Qe2 g5 27. Qd3 Rf7 28.
Qd8+ Bf8 29. b4 Kg7 30. a3 Nc4 31. Bc1 a5 32. bxa5 Qxd8 33. Rxd8 Ra7 34. Rb8
Rxa5 35. Nf1 Kf7 36. Rb7+ Ke6 37. Be3 Nxa3 38. Rb6+ Kf7 39. Rb7+ Ke6 40. Rb6+
Kf7 41. Rb7+ 1/2-1/2

[Event "WCPL:Cardigan-Abergavenny"]
[Site "?"]
[Date "2017.05.21"]
[Round "5.11"]
[White "Haigh, Tony"]
[Black "Adams, Mark"]
[Result "1/2-1/2"]
[WhiteElo "1817"]
[BlackElo "1942"]
[PlyCount "61"]
[EventDate "2017.05.21"]
[SourceDate "2016.10.09"]

1. d4 d5 2. Nf3 c6 3. c4 e6 4. e3 Bd6 5. Nc3 Nd7 6. b3 f5 7. Qc2 Ngf6 8. cxd5
cxd5 9. Be2 Ne4 10. Nxe4 fxe4 11. Nd2 O-O 12. f4 Nf6 13. O-O Bd7 14. a4 Rc8 15.
Qa2 Qa5 16. Nb1 Bb4 17. Ba3 Rc7 18. Bxb4 Qxb4 19. Bd1 Rfc8 20. Qd2 Qxd2 21.
Nxd2 Rc3 22. Kf2 Ne8 23. Ra2 Nd6 24. g4 a5 25. Nb1 Rc1 26. Be2 Rxf1+ 27. Bxf1
Nf7 28. Na3 g5 29. Rc2 Rxc2+ 30. Nxc2 h6 31. Be2 1/2-1/2

[Event "WCPL:Cardigan-Abergavenny"]
[Site "?"]
[Date "2017.05.21"]
[Round "5.12"]
[White "Dixon, Chris"]
[Black "Van Kemenade, Julie"]
[Result "1/2-1/2"]
[WhiteElo "1809"]
[BlackElo "1691"]
[PlyCount "61"]
[EventDate "2017.05.22"]
[SourceDate "2016.10.09"]

1. Nf3 d6 2. g3 Nf6 3. Bg2 c6 4. O-O Nbd7 5. d3 e5 6. e4 g6 7. Nbd2 Bg7 8. Nc4
Qc7 9. a4 O-O 10. Re1 Ne8 11. d4 Ndf6 12. dxe5 Nxe4 13. exd6 N4xd6 14. Bf4 Nxc4
15. Bxc7 Nxc7 16. c3 Nxb2 17. Qc2 Nc4 18. Nd4 Nd5 19. h3 a5 20. Rad1 Ncb6 21.
Kh2 Bd7 22. Bxd5 Nxd5 23. Qb3 Rad8 24. c4 Nb4 25. Nc2 c5 26. Nxb4 axb4 27. Re2
Bc3 28. Rd3 Bc6 29. Rxd8 Rxd8 30. Qc2 Bf3 31. g4 1/2-1/2